| 000 | 01064cam a22003015i 4500 | ||
|---|---|---|---|
| 001 | 17943224 | ||
| 003 | EG-ScBUE | ||
| 005 | 20251209095612.0 | ||
| 008 | 131115t2014 enka f b 001 0 eng d | ||
| 020 | _a9780857095084 | ||
| 040 |
_aEG-ScBUE _beng _erda _cEG-ScBUE _dEG-ScBUE |
||
| 082 | 0 | 4 |
_222 _a547.61 _bGRA |
| 245 | 0 | 0 |
_aGraphene : _bproperties, preparation, characterisation and devices / _cedited by Viera Skákalová and Alan B. Kaiser. |
| 264 | 1 |
_aCambridge : _bElsevier / Woodhead Publishing, _c[2014] |
|
| 264 | 4 | _cc2014 | |
| 300 |
_axxiii, 376 pages : _billustrations ; _c24 cm. |
||
| 336 |
_2rdacontent _atext _btxt |
||
| 337 |
_aunmediated _2rdamedia _bn |
||
| 338 |
_avolume _bnc _2rdacarrier |
||
| 490 | 0 |
_aWoodhead Publishing series in electronic and optical materials ; _vnumber 57 |
|
| 504 | _aIncludes bibliographical references and index. | ||
| 650 | 7 |
_aGraphene. _2BUEsh |
|
| 653 |
_bENGGEN _cOctober2016 |
||
| 655 | _vReading book | ||
| 700 | 1 |
_aSkákalová, Viera, _eeditor. |
|
| 700 | 1 |
_aKaiser, Alan B., _eeditor. |
|
| 942 |
_2ddc _cBB |
||
| 999 |
_c22910 _d22882 |
||